[Event "4NCL 2021-22"]
[Site "England"]
[Date "2022.02.12"]
[Round "3.1"]
[White "Roberson, Peter T"]
[Black "Speelman, Jon S"]
[Result "1/2-1/2"]
[WhiteElo "2425"]
[BlackElo "2504"]
[Annotator "TA"]
[PlyCount "68"]
[EventDate "2021.11.27"]
[EventType "team-tourn"]
[EventCountry "ENG"]
[SourceTitle "playchess.com"]
[Source "ChessBase"]
[SourceQuality "1"]

{[%evp 9,68,16,20,32,62,60,58,57,54,39,48,43,96,89,140,140,139,136,162,162,152,155,167,162,163,62,76,54,59,55,66,51,51,51,51,51,131,137,146,122,194,190,192,101,176,157,165,173,190,204,233,139,391,49,118,115,199,8,10,0,0]} 1. e4 c6 2. d4 d5 3. e5 Bf5 4. Nd2 e6 5. Nb3 a5 6. a4 $1 {B12: Caro-Kann: Advance Variation.} Na6 7. c3 {Prevents Nb4.} Ne7 8. Nf3 {[#] White is slightly better.} Bg6 $146 ({Predecessor:} 8... Ng6 9. Be2 Be7 10. O-O Qb6 11. Ne1 h5 12. Bd2 Bg4 13. f3 Bf5 14. Kh1 Nb8 {0-1 (38) Matsenko,A (2299)-Harutjunyan,G (2418) Poti 2018}) 9. Be2 Nf5 10. O-O Be7 (10... b6 $14) 11. g4 $16 Nh4 (11... Nh6 $142) 12. Nxh4 $1 Bxh4 13. f4 $1 f5 14. exf6 $1 Bxf6 15. Bxa6 bxa6 16. Nc5 Bf7 17. Re1 (17. Qe2 $18) 17... O-O $14 18. Nxe6 Bxe6 19. Rxe6 Qd7 20. Qe2 Rae8 21. f5 {[%cal Bf4f5,Bf5e6][%mdl 32]} Rxe6 $1 22. fxe6 Qd6 {[#]} (22... Qe7 $1 $14) 23. g5 $1 $16 Be7 24. Bd2 c5 {[#]} (24... Qb8 $16) 25. Rf1 $1 $18 Re8 26. Qg4 (26. Qh5 g6 27. Qh3 Rf8 28. Rxf8+ (28. Rf7 Rxf7 29. exf7+ Kxf7 $16) 28... Bxf8) (26. dxc5 $18 Qxc5+ 27. Be3) 26... cxd4 $16 27. cxd4 Bd8 28. Re1 ({Don't do} 28. g6 hxg6 29. Re1 (29. Qxg6 Qxe6 30. Qxe6+ Rxe6 $11) 29... g5 $14) 28... Bc7 29. Re2 {Active counter play!} Qc6 30. Be1 (30. g6 $18 {gxh7+ is the strong threat.} Bd8 31. gxh7+ Kh8 32. Kg2 (32. Rg2 Bf6 $11)) 30... Qxa4 $2 {[%mdl 8192]} (30... Bd8 $16 {was necessary.} 31. Kg2 g6) 31. g6 $2 (31. Qf5 $18 {Black must now prevent e7.} Bb6 32. Qf7+ Kh8 33. e7 Bxd4+ 34. Kg2) 31... hxg6 ({Better is} 31... Bb6 $1 $14) 32. Qxg6 {Threatens to win with Qf7+.} Re7 {Inhibits Qf7+.} (32... Bb6 $16) 33. Kg2 $2 ({White should try} 33. Qg4 $18) 33... Qxd4 $11 34. Bg3 Bxg3 {Weighted Error Value: White=0.43/Black=0.28 (precise)} 1/2-1/2

[Event "4NCL 2021-22"]
[Site "England"]
[Date "2022.02.12"]
[Round "3.2"]
[White "Haria, Ravi"]
[Black "Rendle, Thomas E"]
[Result "*"]
[WhiteElo "2490"]
[BlackElo "2365"]
[Annotator "TA"]
[PlyCount "41"]
[EventDate "2021.11.27"]
[EventType "team-tourn"]
[EventCountry "ENG"]
[SourceTitle "playchess.com"]
[Source "ChessBase"]
[SourceQuality "1"]

{[%evp 14,41,0,0,0,0,0,0,23,0,0,0,0,0,0,0,0,0,0,0,0,0,0,0,2,16,25,0,0,0]} 1. e4 e6 2. d4 d5 3. e5 c5 4. c3 Nc6 5. Nf3 Qb6 6. Be2 cxd4 7. cxd4 Nh6 8. Bxh6 {[#] And now Bc1 would win. is more profitable than 8.Nc3 at the moment.} Qxb2 {C02: French: Advance Variation.} 9. Nbd2 gxh6 10. O-O Bd7 11. Nb3 {[%cal Oa2a3][%mdl 1024] White has compensation.} (11. Rb1 $5 {[%cal Rb1b2]} Qxa2 12. Rxb7 $11) 11... Rc8 12. Ne1 Nb4 {[#]} 13. Rb1 $146 ({Predecessor:} 13. Nd3 Qc2 14. Ndc5 Qxd1 15. Rfxd1 Bxc5 16. Nxc5 b6 17. Nb7 Ke7 18. Bh5 f6 19. Nd6 {0-1 (35) Esipenko,A (2592)-Abdusattorov,N (2690) Riga 2021}) 13... Qa3 14. Nc5 Bxc5 15. dxc5 Na6 ({Of course not} 15... Rxc5 16. Rb3 Qa5 17. Bh5 $15) 16. Nd3 Nxc5 17. Nxc5 Qxc5 18. Rxb7 d4 19. Qd2 {aiming for Qf4.} Qxe5 20. Re1 {[%cal Oe2b5] Threatens to win with Bb5!} Rg8 $1 21. Bf3 {To avoid Qd5. An even fight not without its subleties.  Weighted Error Value: White=0.05 (flawless) /Black=0.02 (flawless)} ({Don't go for} 21. Qb4 $2 a5 22. Qb2 Bc6 $19) ({Wrong is} 21. Bb5 $2 {[#]} Rxg2+ $3 {[%mdl 512]} 22. Kxg2 Qd5+ 23. Kg1 Qxb7 $19) *

[Event "4NCL 2021-22"]
[Site "England"]
[Date "2022.02.12"]
[Round "3.3"]
[White "Moreby, James"]
[Black "Tan, Justin"]
[Result "*"]
[WhiteElo "2416"]
[BlackElo "2526"]
[Annotator "TA"]
[PlyCount "38"]
[EventDate "2021.11.27"]
[EventType "team-tourn"]
[EventCountry "ENG"]
[SourceTitle "playchess.com"]
[Source "ChessBase"]
[SourceQuality "1"]

{[%evp 9,38,6,40,29,55,55,59,67,77,70,75,64,81,66,70,73,117,120,114,100,113,102,129,100,128,50,45,36,40,66,58]} 1. c4 e6 2. g3 d5 3. Bg2 d4 4. Nf3 Nc6 5. O-O e5 6. d3 {[%cal Ob2b4] [#] A13: English Opening: 1...e6.} Bc5 $146 ({Predecessor:} 6... Nf6 7. Na3 Be7 8. Nc2 O-O 9. a3 a5 10. b3 h6 11. Bb2 Re8 12. Qd2 Bf8 {1-0 (69) Gual Pascual,A (2432)-Hernando Rodrigo,J (2333) Barcelona 2015}) 7. b4 Nxb4 8. Nxe5 {Black must now prevent a3.} Ne7 9. Nd2 O-O 10. Ne4 Bd6 11. Nxd6 {White is more active.} Qxd6 12. Bf4 {[%cal Oe5f7] And now Nxf7! would win. A strong pair of Bishops.} Qc5 (12... Qd8 $142) 13. Qa4 $16 c6 14. Nf3 Rd8 15. Bc1 a5 16. Ba3 Qb6 17. Bxb4 (17. Rfb1 $16 {[%cal Ra3b4]} c5 18. Bc1 (18. Nxd4 Bd7 $16)) 17... Qxb4 $14 {White is slightly better.} 18. Qxb4 axb4 19. Rfb1 Ra4 {Weighted Error Value: White=0.11 (very precise) /Black=0.13 (very precise)} *

[Event "4NCL 2021-22"]
[Site "England"]
[Date "2022.02.12"]
[Round "3.4"]
[White "Sukandar, Irine Kharisma"]
[Black "Dong, Bao Nghia"]
[Result "1-0"]
[WhiteElo "2455"]
[BlackElo "2332"]
[Annotator "TA"]
[PlyCount "77"]
[EventDate "2021.11.27"]
[EventType "team-tourn"]
[EventCountry "ENG"]
[SourceTitle "playchess.com"]
[Source "ChessBase"]
[SourceQuality "1"]

{[%evp 19,77,29,33,23,117,80,88,82,85,88,89,81,94,79,137,128,152,103,141,137,141,134,189,111,100,88,159,151,125,124,137,121,129,123,123,111,114,104,160,139,154,159,210,204,204,212,224,222,406,396,391,392,414,279,403,272,1766,1677,29988,29989]} 1. e4 e6 2. d4 d5 3. Nd2 Nc6 4. Ngf3 Nf6 5. e5 Nd7 6. Be2 f6 7. exf6 Qxf6 8. Nf1 Bd6 9. Ne3 O-O 10. O-O Qg6 11. c4 {[%cal Bc2c4,Bc4c5][%mdl 32] C04: French Tarrasch: 3...Nc6.} Ne7 (11... Nf6 $11 {remains equal.}) 12. Bd3 Qh5 {[%cal Of8f3]} 13. c5 {White is better.} Bf4 {[#]} 14. Nc2 $146 ({Predecessor:} 14. g3 Bh6 15. Be2 Qh3 16. Ng2 c6 17. Ng5 Bxg5 18. Bxg5 Nf6 19. Nf4 Qf5 20. h4 {0-1 (38) Terletsky,O (2213)-Dong,B (2227) Chess.com INT 2021}) 14... e5 {And now ...Bxc1 would win.} 15. Bxf4 exf4 16. Re1 Nc6 (16... Rf7 $142) 17. b4 $16 {[%cal Bb2b4,Bb4b5][%mdl 32]} a5 18. a3 (18. b5 $142 Nb4 19. Nxb4 axb4 20. Qb1) 18... Nf6 19. b5 Nd8 20. Re7 Bg4 (20... Re8 $16 {was worth a try.} 21. Rxe8+ (21. Rxc7 Ne6 $11) 21... Qxe8) 21. Nce1 ({Better is} 21. Rxc7 $18 {aiming for Nce1.} Bxf3 22. Qxf3 (22. gxf3 Re8 $11)) 21... Ne6 22. h3 Bf5 (22... Bxf3 $142 23. Nxf3 Rfe8 24. Rxe8+ Rxe8) 23. Bxf5 Qxf5 24. Nh4 $36 {[%mdl 2048] Black is under strong pressure.} Qe4 25. Nc2 {Strongly threatening f3.} f3 26. Nxf3 {Black must now prevent Nd2.} Rae8 27. Rxe8 Rxe8 28. Qd2 Qf5 ({Black should play} 28... Qg6) 29. Ne3 Qf4 30. Re1 b6 (30... c6 $16 31. bxc6 (31. Qxa5 Nxd4 32. Nxd4 Qxd4 $16) 31... bxc6) 31. cxb6 $18 cxb6 32. Qc3 Qb8 33. Rc1 Ne4 $2 (33... Qf4 34. a4 h6) 34. Qc6 Nf4 35. Rc2 {To avoid Ne2+} Qd8 36. Ne5 Rf8 (36... Re6 $142) 37. Qd7 Qh4 $2 (37... Qxd7 38. Nxd7 Rd8) 38. Nxd5 {Intending Ne7+ and mate.} Nxf2 39. Ne7+ {Weighted Error Value: White=0.21 (precise) /Black=0.60} ({Don't go for} 39. Rc7 $2 {[#]} N2xh3+ $1 {[%mdl 512]} 40. Kh2 Nf2+ 41. Qh3 Ng4+ $1 {[%mdl 512]} 42. Nxg4 Nxh3 $19) 1-0

[Event "4NCL 2021-22"]
[Site "England"]
[Date "2022.02.12"]
[Round "3.5"]
[White "Batchelor, Peter J"]
[Black "Harvey, Marcus R"]
[Result "0-1"]
[WhiteElo "2366"]
[BlackElo "2464"]
[Annotator "TA"]
[PlyCount "257"]
[EventDate "2021.11.27"]
[EventType "team-tourn"]
[EventCountry "ENG"]
[SourceTitle "playchess.com"]
[Source "ChessBase"]
[SourceQuality "1"]

{[%evp 9,257,0,30,19,14,13,47,24,22,22,17,0,3,-28,12,-39,0,-8,3,-23,0,-54,-46,-39,-43,-64,-51,-72,0,0,-10,-12,14,0,0,-14,-10,0,3,0,41,34,45,19,35,17,18,0,0,-24,0,-32,0,0,0,0,0,0,0,0,0,-47,-40,-40,-43,-47,-47,-47,-48,-48,-48,-48,-29,-29,0,0,0,0,0,0,0,0,0,0,0,0,0,0,0,0,0,-43,-36,-43,0,0,0,0,0,0,0,0,0,0,0,0,0,0,0,0,0,0,0,0,0,0,0,0,0,0,0,0,0,0,0,0,0,0,-1,-8,0,0,0,0,0,0,0,0,0,0,0,0,0,0,0,0,0,0,0,0,0,0,0,0,0,0,0,0,0,0,0,0,0,-28000,-28000,-28000,-28000,-28000,-28000,-28000,-28000,-28000,-28000,-28000,-28000,-28000,-28000,-28000,-28000,-28000,-28000,-28000,-28000,-28000,-28000,-28000,-28000,-28000,-28000,-28000,-28000,-28000,-28000,-28000,-28000,-28000,-28000,-28000,-28000,-28000,-28000,-28000,-28000,-28000,-28000,-28000,-28000,-28000,-28000,-28000,-28000,-28000,-28000,-28000,-28000,-28000,-28000,-28000,-28000,-28000,-28000,-28000,-28000,-28000,-28000,-28000,-28000,-28000,-28000,-28000,-28000,-28000,-28000,-28000,-28000,-28000,-28000,-28000,-28000,-27999,-27999,-27997,-27997,-27998,-27998,-27993,-27993,-27994,-27994,-27995]} 1. d4 Nf6 2. c4 e6 3. g3 d5 4. Nf3 Bb4+ 5. Bd2 Bd6 6. Bg2 {E01: Catalan: Early deviations.} O-O 7. O-O Ne4 8. Qc2 {White is slightly better.} c6 9. Rd1 Nd7 10. Be1 f5 11. Nbd2 Qf6 {[#]} 12. Nf1 $146 ({White should play} 12. b4 $11) ({Predecessor:} 12. b4 Qe7 13. b5 cxb5 14. cxb5 Nb6 15. a4 Bd7 16. Qb3 Rfc8 17. Rdc1 Be8 18. Ne5 {0-1 (70) Lever,E (2243)-Martin Barcelo,C (2211) Barcelona 2021}) 12... Qh6 13. b4 g5 {[%cal Bg7g5,Bg5g4][%mdl 32]} 14. b5 cxb5 $1 15. cxb5 ({White should try} 15. cxd5 $11 exd5 16. Rab1) 15... g4 16. N3d2 {[%cal Rd2e4,Bf3d2,Bd2b3,Bb3c5][%mdl 32]} Ng5 17. Nb3 Nf6 {Black is more active.} 18. Nc5 b6 (18... f4 $1 $17 {[%cal Rf4f3] Strongly threatening ...f3.} 19. gxf4 Nh3+ 20. Bxh3 gxh3) 19. Nd3 $11 Bd7 {Prevents Qc6.} 20. Qb3 Rfc8 21. Bb4 Bxb4 22. Qxb4 Qf8 23. Qb2 Rc7 24. a4 Rac8 (24... a6 $11) 25. Ne3 Qd6 26. Ne5 Be8 27. Qd2 {[%cal Oe3f5]} Nf7 28. Nxf7 Kxf7 29. Rdc1 h5 30. Rc2 Rxc2 31. Nxc2 Qc7 32. Nb4 Qc3 33. Qxc3 Rxc3 34. Nd3 Ke7 35. Kf1 (35. h4 $11 {was preferrable.}) 35... Rc4 $15 36. e3 Ne4 37. Ke1 Nc3 $1 38. a5 Nxb5 39. axb6 axb6 40. Ra6 Rc6 41. Kd2 Nc7 42. Ra7 {Hoping for Ne5.} Kd8 43. Ne5 Rd6 44. Bf1 Kc8 45. Ba6+ Nxa6 46. Rxa6 $11 {[%mdl 4096] Endgame Black must now prevent Ra8+. KRB-KRN} Kb7 {Inhibits Ra8.} 47. Ra1 Rd8 48. Kc3 Rc8+ 49. Kb2 Rc7 {[%cal Oh5h4]} 50. h4 (50. Rc1 $11) 50... gxh3 $15 51. Rh1 Ba4 (51... Ka6 $1 $15 52. Rxh3 Ka5) 52. Ka3 $11 b5 53. Rxh3 Kb6 54. Kb4 Rc2 55. Nd7+ Kc6 56. Ne5+ Kb6 57. Nd7+ Kc7 58. Nc5 Rb2+ 59. Kc3 Rxf2 60. Rxh5 Rf3 {[%csl LRe3,LRg3]} 61. Kd3 Kb6 62. Nxe6 b4 {And now ...Rf2 would win.} 63. Rh8 Bb5+ 64. Kc2 Bc4 65. Rb8+ Kc6 66. Rxb4 Rxe3 67. Nd8+ Kc7 68. Nf7 Rxg3 {aiming for ...Rg2+.} 69. Ne5 Rg2+ 70. Kd1 Be2+ 71. Ke1 f4 72. Ra4 Kb6 73. Ra8 Bc4 74. Rb8+ Ka5 75. Rf8 Re2+ 76. Kd1 Re4 77. Kc2 Be2 78. Kc3 Kb5 79. Rb8+ Ka6 80. Rf8 Kb6 81. Nd7+ Kb5 82. Nc5 Re3+ 83. Kd2 Re7 $2 {[%mdl 8192]} (83... Bc4 $11) 84. Rxf4 Kc4 85. Nd7 Rxd7 86. Kxe2 {KR-KR. Black converts the advantage convincingly.} Rh7 {Black mates.} 87. Rg4 Kc3 88. Kd1 Rh1+ 89. Ke2 Ra1 90. Rh4 Ra2+ 91. Ke3 Rd2 92. Rg4 Rh2 93. Rf4 Rh8 94. Ke2 Re8+ 95. Kd1 Re3 96. Rh4 Kd3 97. Rg4 Rh3 98. Ke1 Rh1+ 99. Kf2 Ra1 100. Rh4 Rb1 101. Rg4 Rb8 102. Ke1 Re8+ 103. Kd1 Rf8 {[%cal Rf8f1]} 104. Ke1 Rf3 105. Rh4 Rg3 106. Kf2 Rg8 107. Ke1 Rg7 108. Rh3+ Kxd4 109. Kd2 Rg2+ 110. Kd1 Kc4 111. Ke1 Rc2 112. Kd1 Rc3 113. Rh4+ d4 114. Rh8 Ra3 115. Kd2 Ra2+ 116. Kc1 Kc3 {[%cal Ra2a1]} 117. Rc8+ Kd3 118. Rh8 Ra1+ 119. Kb2 Re1 120. Rh3+ Kd2 121. Rh2+ Re2 122. Rh1 Re1 123. Rh2+ Kd1 124. Kb3 {[#]} Re3+ $1 125. Kc4 d3 {[%cal Bd4d3,Bd3d2][%mdl 32]} 126. Kd4 {[#]} Rg3 $1 127. Kc3 d2+ $1 128. Kb2 Rd3 129. Rh1+ {Weighted Error Value: White=0.10 (very precise) /Black=0.09 (flawless)} 0-1

[Event "4NCL 2021-22"]
[Site "England"]
[Date "2022.02.12"]
[Round "3.6"]
[White "Czopor, Maciej"]
[Black "Milson, Samuel A"]
[Result "1-0"]
[WhiteElo "2416"]
[BlackElo "2145"]
[Annotator "TA"]
[PlyCount "65"]
[EventDate "2021.11.27"]
[EventType "team-tourn"]
[EventCountry "ENG"]
[SourceTitle "playchess.com"]
[Source "ChessBase"]
[SourceQuality "1"]

{[%evp 12,65,36,-22,-35,-37,-21,-33,0,0,0,0,0,-25,0,-50,-46,-49,0,0,0,-7,39,43,123,110,128,118,192,204,254,269,250,253,275,270,345,345,343,316,343,341,439,447,428,449,5260,4165,29966,29966,29977,29978,29978,29979,29994,29995]} 1. e4 e6 2. d4 d5 3. e5 c5 {[%cal Bc7c5,Bc5d4][%mdl 32]} 4. c3 Nc6 5. Nf3 Qb6 6. Bd3 Bd7 7. O-O (7. dxc5 $14 Bxc5 8. O-O) 7... cxd4 $11 {C02: French: Advance Variation.} 8. Re1 $1 {[%mdl 4] is now more promising than 8.cxd4.} Nge7 9. h4 h5 {[#] Black is slightly better.} 10. Na3 $146 ({Predecessor:} 10. Nbd2 dxc3 11. bxc3 Nf5 12. Nb3 Be7 13. Bxf5 exf5 14. Qxd5 Be6 15. Qd1 O-O 16. Nfd4 Nxd4 17. Nxd4 Rad8 18. Be3 f4 19. Bxf4 {½-½ (19) Arraga,G (1951)-Salcedo,C (1722) Buenos Aires 2011}) 10... a6 11. Nc2 {[%cal Rc2d4]} dxc3 12. bxc3 Na5 13. Ba3 (13. Ng5 $11 g6 14. Ba3) 13... Nec6 $1 $15 14. Bxf8 Rxf8 (14... Kxf8 $15 15. Ng5 Kg8) 15. Ng5 O-O-O 16. Qxh5 f6 (16... Qc5 $11 {is superior.}) 17. Rab1 $14 Qc5 {[#] White stays focused until the end.} ({Black should try} 17... Qa7 $14 18. Nh7 (18. Nf7 Be8 $15) 18... Rh8) 18. exf6 $1 $16 Rxf6 19. Ne4 {Active counter play!} Qe7 (19... Rh6 $16) 20. Nxf6 $18 gxf6 21. Nd4 {[%cal Od4e6] Strongly threatening Nxe6!} Ne5 22. Bf1 Qg7 23. f4 Ng6 24. Qg4 {[#] Threatens to win with h5.} ({Not} 24. Nxe6 Bxe6 25. Rxe6 Nxf4 $18) 24... e5 25. Nf5 Bxf5 26. Qxf5+ Kc7 27. fxe5 ({Less strong is} 27. Qe6 Nc6 $16) 27... Nxe5 28. Qf2 {Inhibits Qg3. aiming for Qb6+.} Nac4 {To avoid Qb6+} (28... Nac6 $142 29. Qb6+ Kd6) 29. Bxc4 {Threatening mate with Qb6+.} dxc4 30. Qa7 {White mates.} Rb8 31. Qb6+ Kc8 32. Rbd1 {[%csl Gb6][%cal Rd1d8]} Qc7 33. Qe6+ {Weighted Error Value: White=0.06 (flawless) /Black=0.47} 1-0

[Event "4NCL 2021-22"]
[Site "England"]
[Date "2022.02.12"]
[Round "3.7"]
[White "Foisor, Mihaela-Veronica"]
[Black "McPhillips, Joseph"]
[Result "0-1"]
[WhiteElo "2208"]
[BlackElo "2413"]
[Annotator "TA"]
[PlyCount "50"]
[EventDate "2021.11.27"]
[EventType "team-tourn"]
[EventCountry "ENG"]
[SourceTitle "playchess.com"]
[Source "ChessBase"]
[SourceQuality "1"]

{[%evp 9,50,12,28,35,35,-12,4,2,8,-5,-6,-6,-2,-16,18,24,19,0,0,-93,-78,-93,-95,-86,-51,-221,-99,-94,-96,-98,-93,-203,-215,-210,-205,-607,-595,-875,-854,-1250,-1156,-1530,-1062]} 1. c4 c6 2. d4 d5 3. e3 Nf6 4. Nc3 a6 5. c5 Bf5 6. Nf3 {D10: Slav Defence: 3 cxd5 (without early Nf3) and 3 Nc3.} Nbd7 {[%cal Oe7e5]} 7. Bd2 {[#]} (7. Nh4 $14 Bg6 8. Be2) 7... h6 $146 ({Predecessor:} 7... e6 8. Be2 h6 9. O-O Be7 10. b4 Qc7 11. Qb3 O-O 12. a4 Rfe8 13. h3 Ne4 14. Nxe4 Bxe4 {0-1 (40) Ju,W (2535)-Yeoh,L (2270) Tagaytay City 2013}) 8. b4 {The position is equal.} Qc7 9. Nh4 Bh7 10. f4 g5 11. Nf3 gxf4 12. exf4 Ne4 13. Ne5 Rg8 14. Qh5 {[#]} (14. g3 $11) 14... Nxe5 $1 $17 15. fxe5 Nxd2 16. Kxd2 Qd7 {And now ...Rg4 would win.} 17. g3 $2 (17. Be2 $15) 17... Rg5 (17... Rg4 $19 {is more deadly.} 18. Na4 Bg6) 18. Qf3 h5 {aiming for ...Bh6.} 19. Bd3 {[#]} Be4 20. Nxe4 (20. Bxe4 $17 dxe4 21. Qe3 (21. Qxe4 Rg4 $19) 21... Rxe5 22. Kc2) 20... dxe4 $19 {[%mdl 64] Discovered Attack} 21. Qxe4 Rg4 {[%mdl 64] Skewer} 22. e6 $2 (22. Qe3 Rxd4 23. Kc3) 22... fxe6 {Black is clearly winning.} 23. Qh7 O-O-O ({Avoid the trap} 23... Qxd4 $2 24. Qxh5+ Kd7 25. Rad1 $19) 24. Rhd1 Bg7 25. Ke2 Rh8 {Weighted Error Value: White=1.20/Black=0.16 (very precise)} 0-1

[Event "4NCL 2021-22"]
[Site "England"]
[Date "2022.02.12"]
[Round "3.8"]
[White "Hunt, Harriet V"]
[Black "Varnam, Liam D"]
[Result "1-0"]
[WhiteElo "2400"]
[BlackElo "2207"]
[Annotator "TA"]
[PlyCount "69"]
[EventDate "2021.11.27"]
[EventType "team-tourn"]
[EventCountry "ENG"]
[SourceTitle "playchess.com"]
[Source "ChessBase"]
[SourceQuality "1"]

{[%evp 29,69,12,14,18,49,45,62,64,77,52,56,58,77,49,97,87,102,87,86,71,52,59,160,160,184,176,190,188,186,117,189,185,225,227,218,229,270,286,1600,1493,12840,12801]} 1. e4 e5 2. Nf3 Nc6 3. Bb5 {[%cal Bf1b5,Bb5a4,Ba4b3][%mdl 32]} a6 4. Ba4 Nf6 5. O-O Nxe4 6. d4 b5 7. Bb3 d5 8. dxe5 Be6 9. Nbd2 Nc5 10. c3 d4 11. Bxe6 Nxe6 12. cxd4 Ncxd4 13. Ne4 Be7 14. Be3 Nf5 15. Qc2 O-O {[#]} 16. Neg5 $1 {C80: Open Ruy Lopez: Sidelines and 9 Nbd2.} Nxg5 (16... Bxg5 17. Nxg5) 17. Bxg5 Bxg5 18. Qxf5 {White is slightly better.} Bh6 19. Rad1 Qe8 20. Rd7 {[#]} c5 $146 ({Predecessor:} 20... g6 21. Qh3 c5 22. Rfd1 Bg7 23. Qh4 h6 24. R1d5 Qe6 25. Qf4 Rfe8 26. R7d6 Qe7 27. Rxc5 {½-½ (45) Stubbs,M (1964)-Pott,B (2036) ICCF email 2016}) 21. Rd6 {White is much more active. Black has bad knights.} Qe7 (21... g6 $14 22. Qe4 Rd8 23. Rxa6 Ra8 24. Rxa8 Qxa8) 22. Rfd1 Rfe8 23. h4 g6 24. Qe4 {[%cal Oh4h5]} Bg7 {[%cal Rg7e5]} 25. Qd5 (25. e6 {keeps more tension.} fxe6 26. Ng5 Bd4 27. Rxe6 Qd7 28. Re1) 25... Ra7 (25... Bxe5 $2 26. Rd7 Qe6 27. Nxe5 $18) (25... c4 $14) 26. Qxc5 $16 Rc7 27. Qb6 Rec8 28. e6 (28. Qxa6 $6 Bxe5 29. R6d2 (29. Nxe5 Qxe5 30. R6d5 Qxb2 $14) 29... Bf4 $16) 28... fxe6 29. Rxe6 (29. Qxa6 $18 Bxb2 30. Qxb5 (30. Rxe6 Qc5 $16)) 29... Qb4 (29... Qc5 $16) 30. b3 $18 ({Resist} 30. Qxa6 Qxb2 31. Rde1 Rf8 $16) ({Much less strong is} 30. Rd8+ Rxd8 31. Qxc7 Rd1+ 32. Kh2 Bf8 $16) 30... Rc1 31. Ree1 R1c6 32. Qb7 {[#] Strongly threatening Ng5.} R8c7 33. Qb8+ Rc8 $2 (33... Bf8 34. Nd4 Rc3) 34. Re8+ Rxe8 35. Qxe8+ {Weighted Error Value: White=0.08 (flawless) /Black=0.22 (precise)} 1-0

[Event "4NCL 2021-22"]
[Site "England"]
[Date "2022.02.12"]
[Round "3.9"]
[White "Lupulescu, Constantin"]
[Black "Fodor, Tamas Jr."]
[Result "1-0"]
[WhiteElo "2620"]
[BlackElo "2526"]
[Annotator "TA"]
[PlyCount "41"]
[EventDate "2021.11.27"]
[EventType "team-tourn"]
[EventCountry "ENG"]
[SourceTitle "playchess.com"]
[Source "ChessBase"]
[SourceQuality "1"]

{[%evp 9,41,24,30,37,49,48,53,49,59,57,55,57,53,54,56,45,51,64,67,69,253,253,243,250,373,356,467,431,572,558,2455,2458,2010,662]} 1. d4 d5 2. c4 c6 3. Nf3 Nf6 4. e3 e6 5. b3 Ne4 6. Bd3 {D30: Queen's Gambit Declined: Systems without Nc3.} Qa5+ 7. Nfd2 {[#]} Nd7 $146 ({Predecessor:} 7... f5 8. O-O Bd6 9. Bxe4 dxe4 10. c5 Be7 11. Nc4 Qd8 12. Qh5+ g6 13. Qh6 Bf8 {0-1 (30) Baenziger,F (2318)-Kraemer,M (2567) Biel 2016}) 8. O-O {White is slightly better.} Nxd2 9. Bxd2 Qd8 10. Nc3 Nf6 11. Qc2 Be7 12. Rad1 b6 13. e4 {[%cal Be3e4,Be4e5][%mdl 32]} dxc4 14. Bxc4 Qxd4 $2 {Black cannot hold the game after this.} (14... O-O $14) 15. Bf4 $18 ({Less strong is} 15. Bh6 Qe5 16. Bxg7 Rg8 17. Bxf6 Bxf6 $16) 15... Qc5 {[#]} 16. e5 $1 Nh5 {[#]} (16... Nd7 {was worth a try.} 17. Ne4 Qa3 18. Nd6+ Bxd6) 17. Ne4 $1 Qa5 {[#]} (17... Nxf4 18. Nxc5) 18. Be2 $1 {[%csl LRc6,LRh5][%mdl 64] Discovered Attack. White is clearly winning.} Nxf4 (18... O-O 19. Bxh5) 19. Qxc6+ Bd7 20. Qxa8+ Bd8 21. Bb5 {Weighted Error Value: White=0.03 (flawless) /Black=0.55} 1-0

[Event "4NCL 2021-22"]
[Site "England"]
[Date "2022.02.12"]
[Round "3.10"]
[White "Pert, Nicholas"]
[Black "Parligras, Mircea-Emilian"]
[Result "*"]
[WhiteElo "2546"]
[BlackElo "2575"]
[Annotator "TA"]
[PlyCount "47"]
[EventDate "2021.11.27"]
[EventType "team-tourn"]
[EventCountry "ENG"]
[SourceTitle "playchess.com"]
[Source "ChessBase"]
[SourceQuality "1"]

{[%evp 12,47,16,14,25,20,25,20,11,9,31,10,12,15,7,10,7,13,10,10,77,22,18,6,26,17,51,47,54,9,40,43,31,34,37,49,47,0]} 1. d4 Nf6 2. Nf3 d5 3. c4 e6 4. Nc3 Bb4 5. Qa4+ Nc6 6. e3 O-O 7. Bd2 dxc4 {D38: Queen's Gambit Declined: Ragozin Defence (4 Nf3 Bb4).} 8. Bxc4 a6 9. Qc2 Bd6 {The position is equal.} 10. a3 e5 11. dxe5 Nxe5 12. Nxe5 Bxe5 13. f4 Bxc3 14. Bxc3 Re8 15. O-O {[#]} Ng4 $146 (15... b5 $11 {keeps the balance.} 16. Be2 Bb7) ({Predecessor:} 15... Qe7 16. Bd4 b6 17. b4 Bb7 18. Rac1 Ng4 19. Qf5 Nxe3 20. Qxf7+ Qxf7 21. Bxf7+ Kxf7 22. Rxc7+ {1-0 (62) Nikolaidis,I (2544)-Georgiadis,N (2522) Batumi 2018}) 16. Qb3 {White is more active.} ({Stronger than} 16. Bxf7+ Kxf7 17. Qxh7 Nf6 $17) (16. Rae1 $16) 16... Qe7 $11 17. Rae1 b5 18. Bd5 Rb8 19. Bb4 {A strong pair of Bishops.} Qd7 20. Bc5 (20. h3 $14 Nf6 21. Rd1) 20... Bb7 (20... Nf6 $5 {[%cal Rf6d5]} 21. Bf3 Bb7 $11) 21. Bxb7 {White is slightly better.} Rxb7 22. e4 Qc6 {[%csl LRc5,LRe4]} 23. Bd4 Rbb8 24. Qg3 {Weighted Error Value: White=0.12 (very precise) /Black=0.11 (very precise)} (24. e5 $14) *